Demokracia, korporatívny kapitalizmus a štát

Problematika vzájomného vzťahu demokracie a moderného štátu na pozadí vplyvu korporatívneho kapitalizmu. Klasický pluralizmus a neopluralizmus - spoločné a rozdielne znaky. Akumulácia kapitálu, legitímnosť a obmedzenie sféry politiky. Názory niektorých politológov.

Saved in:
Bibliographic Details
Main Author: Kováčik, Branislav
Format: Book Chapter
Language:Slovak
Subjects:
Tags: Add Tag
No Tags, Be the first to tag this record!

MARC

LEADER 00000naa$a2200000$$$4500
001 0099531
005 20231107112312.6
041 0 |a slo 
044 |a SK 
245 1 0 |a Demokracia, korporatívny kapitalizmus a štát  |c Branislav Kováčik 
520 |a Problematika vzájomného vzťahu demokracie a moderného štátu na pozadí vplyvu korporatívneho kapitalizmu. Klasický pluralizmus a neopluralizmus - spoločné a rozdielne znaky. Akumulácia kapitálu, legitímnosť a obmedzenie sféry politiky. Názory niektorých politológov. 
610 2 0 |a demokracia 
610 2 0 |a kapitalizmus 
610 2 0 |a štát 
610 2 0 |a pluralizmus 
610 2 0 |a akumulácia kapitálu 
610 2 0 |a politika 
100 1 |a Kováčik, Branislav